| 000 | 00372nam a22001337a 4500 | ||
|---|---|---|---|
| 082 |
_a621.908 _bHAR _cL-24, P-4 |
||
| 100 |
_aHarries, R. _942194 |
||
| 245 |
_aHand tools for wood metal work _cHarries, R. |
||
| 260 |
_aLondon _bG.Bell and sons _c1950 |
||
| 300 |
_a96 p. _bill. _c18 cm. |
||
| 526 |
_a0 _b0 _c0 _d621_908000000000000_HAR |
||
| 650 |
_aMCE _9379 |
||
| 942 |
_2ddc _cBK |
||
| 999 |
_c546123 _d546123 |
||